00405nam a2200157Ia 4500003000400000008004100004040001600045082001300061100002000074245003900094260004200133300001000175490002500185650001500210650002200225GCL140319s9999 xx 000 0 eng d aGCL / cGCL04a843bC W1 aCAUVIN, PATRICK10aWERTHER CESOIR / cCAUVIN, PATRICK a[S.N] : bALBIN MICHEL, S.A ، c1988 a190 P aLE LIVRE DE POCHEv004aLITERATURE04aFRENCH LITERATURE